000 00941nam a2200241Ia 4500
003 OSt
005 20220923224526.0
006 a|||||r|||| 00| 0
007 ta
008 220922b |||||||| |||| 00| 0 hin d
024 _a238,998
037 _cTextual
040 _aARTS
_cARTS
_bhin
041 _2hin
_ahin
082 _aW:(P111:4k), L1;P9 (RR)
100 _aकाश्यप, सुभाष; गुप्त, विश्वप्रकाश
_9168073
245 0 _aराजनीति कोश
246 _aRājanīti kosha
260 _aदिल्ली विश्वविद्यालय
_b हिंदी माध्यम कार्यान्वय निदेशालय
_c2009
300 _a607पृ.
_ccm.
942 _hW:(P111:4k), L1;P9 (RR)
_cTEXL
_2CC
999 _c371985
_d371985